[Event "DVM U12 2023"]
[Site "Magdeburg GER"]
[Date "2023.12.28"]
[Round "4"]
[White "Uhlig, Silas"]
[Black "Spielvogel, Oliver"]
[Result "1-0"]
[Termination "normal"]
[Board "7.3"]
[WhiteElo "1443"]
[BlackElo "1258"]
[WhiteClock "00:34:38"]
[BlackClock "00:57:36"]
[WhiteTeam "USG Chemnitz"]
[BlackTeam "Barnimer SF im SV Stahl Finow"]
[PlyCount "75"]
[WhiteFideId "34651837"]
[BlackFideId "16296494"]
[EventCountry "GER"]
[EventRounds "7"]
[EventType "team-swiss"]
[EventDate "2023.12.26"]

1. e4 {[%clk 01:30:59]} {[%emt 01:11:55]} d5 {[%clk 01:30:52]} {[%emt
00:00:08]} 2. exd5 {[%clk 01:31:22]} {[%emt 00:00:07]} Qxd5 {[%clk 01:31:16]}
{[%emt 00:00:06]} 3. Nc3 {[%clk 01:31:45]} {[%emt 00:00:06]} Qa5 {[%clk
01:31:34]} {[%emt 00:00:12]} 4. Bc4 {[%clk 01:31:53]} {[%emt 00:00:23]} Nf6
{[%clk 01:31:42]} {[%emt 00:00:22]} 5. d3 {[%clk 01:32:05]} {[%emt 00:00:18]}
c6 {[%clk 01:32:04]} {[%emt 00:00:08]} 6. Bd2 {[%clk 01:31:35]} {[%emt
00:00:59]} Qc7 {[%clk 01:32:26]} {[%emt 00:00:08]} 7. Nf3 {[%clk 01:31:36]}
{[%emt 00:00:29]} Bf5 {[%clk 01:32:53]} {[%emt 00:00:04]} 8. Qe2 {[%clk
01:30:40]} {[%emt 00:01:25]} e6 {[%clk 01:33:03]} {[%emt 00:00:20]} 9. O-O-O
{[%clk 01:30:21]} {[%emt 00:00:48]} Nbd7 {[%clk 01:33:12]} {[%emt 00:00:22]}
10. Nh4 {[%clk 01:30:28]} {[%emt 00:00:21]} O-O-O {[%clk 01:33:01]} {[%emt
00:00:43]} 11. Bg5 {[%clk 01:28:21]} {[%emt 00:02:34]} Bd6 {[%clk 01:33:07]}
{[%emt 00:00:26]} 12. Kb1 {[%clk 01:26:56]} {[%emt 00:01:55]} Qb6 {[%clk
01:32:17]} {[%emt 00:01:19]} 13. Be3 {[%clk 01:25:22]} {[%emt 00:02:03]} Qa5
{[%clk 01:30:02]} {[%emt 00:02:52]} 14. Bd2 {[%clk 01:25:02]} {[%emt 00:00:46]}
Qc7 {[%clk 01:28:14]} {[%emt 00:02:18]} 15. Qe3 {[%clk 01:23:19]} {[%emt
00:02:12]} Ng4 {[%clk 01:25:34]} {[%emt 00:03:11]} 16. Qxa7 {[%clk 01:18:41]}
{[%emt 00:05:08]} Bc5 {[%clk 01:25:56]} {[%emt 00:00:08]} 17. Qa8+ {[%clk
01:19:00]} {[%emt 00:00:10]} Nb8 {[%clk 01:26:16]} {[%emt 00:00:11]} 18. Nxf5
{[%clk 01:14:24]} {[%emt 00:05:05]} exf5 {[%clk 01:26:18]} {[%emt 00:00:28]}
19. Rhf1 {[%clk 00:55:31]} {[%emt 00:19:21]} Kd7 {[%clk 01:26:24]} {[%emt
00:00:27]} 20. Qa4 {[%clk 00:55:06]} {[%emt 00:00:54]} b5 {[%clk 01:26:21]}
{[%emt 00:00:34]} 21. Nxb5 {[%clk 00:54:58]} {[%emt 00:00:37]} cxb5 {[%clk
01:26:39]} {[%emt 00:00:13]} 22. Bxb5+ {[%clk 00:54:19]} {[%emt 00:01:09]} Kc8
{[%clk 01:26:09]} {[%emt 00:01:00]} 23. Ba5 {[%clk 00:50:44]} {[%emt 00:04:04]}
Bb6 {[%clk 01:26:27]} {[%emt 00:00:13]} 24. Bb4 {[%clk 00:50:13]} {[%emt
00:01:01]} Nxh2 {[%clk 01:20:03]} {[%emt 00:06:54]} 25. Rfe1 {[%clk 00:50:32]}
{[%emt 00:00:10]} Qa7 {[%clk 01:18:52]} {[%emt 00:01:43]} 26. Qb3 {[%clk
00:50:06]} {[%emt 00:00:55]} Ba5 {[%clk 01:19:02]} {[%emt 00:00:21]} 27. Qc3+
{[%clk 00:50:03]} {[%emt 00:00:33]} Bc7 {[%clk 01:17:20]} {[%emt 00:02:10]} 28.
Re7 {[%clk 00:46:29]} {[%emt 00:04:05]} Ng4 {[%clk 01:14:15]} {[%emt 00:03:35]}
29. Rde1 {[%clk 00:40:16]} {[%emt 00:06:42]} Nf6 {[%clk 01:13:41]} {[%emt
00:01:04]} 30. Qc4 {[%clk 00:35:33]} {[%emt 00:05:14]} Rd4 {[%clk 00:59:57]}
{[%emt 00:14:14]} 31. Rxc7+ {[%clk 00:35:47]} {[%emt 00:00:16]} Qxc7 {[%clk
00:59:32]} {[%emt 00:00:55]} 32. Qxd4 {[%clk 00:36:11]} {[%emt 00:00:06]} Rd8
{[%clk 00:58:11]} {[%emt 00:01:51]} 33. Qc3 {[%clk 00:35:55]} {[%emt 00:00:47]}
Nd5 {[%clk 00:57:33]} {[%emt 00:01:08]} 34. Qxc7+ {[%clk 00:35:50]} {[%emt
00:00:34]} Kxc7 {[%clk 00:57:29]} {[%emt 00:00:34]} 35. Ba5+ {[%clk 00:35:05]}
{[%emt 00:01:15]} Nb6 {[%clk 00:57:35]} {[%emt 00:00:23]} 36. Re7+ {[%clk
00:35:12]} {[%emt 00:00:22]} Kd6 {[%clk 00:57:26]} {[%emt 00:00:42]} 37. Rxf7
{[%clk 00:34:18]} {[%emt 00:01:24]} Re8 {[%clk 00:57:36]} {[%emt 00:00:19]} 38.
Bxe8 {[%clk 00:34:38]} {[%emt 00:00:10]} 1-0

[Event "DVM U12 2023"]
[Site "Magdeburg GER"]
[Date "2023.12.28"]
[Round "4"]
[White "Splitt, Albert"]
[Black "Müller, Stefan"]
[Result "1-0"]
[Termination "normal"]
[Board "7.4"]
[WhiteElo "1213"]
[BlackElo "1313"]
[WhiteClock "01:17:20"]
[BlackClock "01:11:32"]
[WhiteTeam "Barnimer SF im SV Stahl Finow"]
[BlackTeam "USG Chemnitz"]
[PlyCount "68"]
[WhiteFideId "34602879"]
[BlackFideId "34667270"]
[EventCountry "GER"]
[EventRounds "7"]
[EventType "team-swiss"]
[EventDate "2023.12.26"]

1. e4 {[%clk 01:30:52]} {[%emt 00:00:08]} e5 {[%clk 01:30:49]} {[%emt
00:00:12]} 2. Nf3 {[%clk 01:31:15]} {[%emt 00:00:06]} Nc6 {[%clk 01:31:05]}
{[%emt 00:00:14]} 3. Bc4 {[%clk 01:31:35]} {[%emt 00:00:09]} Bc5 {[%clk
01:31:23]} {[%emt 00:00:13]} 4. d3 {[%clk 01:31:40]} {[%emt 00:00:25]} d6
{[%clk 01:31:39]} {[%emt 00:00:14]} 5. h3 {[%clk 01:32:03]} {[%emt 00:00:07]}
h6 {[%clk 01:31:54]} {[%emt 00:00:15]} 6. Be3 {[%clk 01:31:46]} {[%emt
00:00:47]} Bb6 {[%clk 01:32:11]} {[%emt 00:00:13]} 7. Nc3 {[%clk 01:31:37]}
{[%emt 00:00:38]} Nf6 {[%clk 01:32:22]} {[%emt 00:00:19]} 8. Qd2 {[%clk
01:31:31]} {[%emt 00:00:37]} Be6 {[%clk 01:32:29]} {[%emt 00:00:22]} 9. Nd5
{[%clk 01:31:09]} {[%emt 00:00:52]} Nxd5 {[%clk 01:31:24]} {[%emt 00:01:35]}
10. exd5 {[%clk 01:31:31]} {[%emt 00:00:09]} Ba5 {[%clk 01:31:02]} {[%emt
00:00:52]} 11. c3 {[%clk 01:31:10]} {[%emt 00:00:51]} Bf5 {[%clk 01:30:44]}
{[%emt 00:00:47]} 12. dxc6 {[%clk 01:30:54]} {[%emt 00:00:46]} bxc6 {[%clk
01:30:54]} {[%emt 00:00:20]} 13. O-O {[%clk 01:30:53]} {[%emt 00:00:32]} d5
{[%clk 01:30:49]} {[%emt 00:00:33]} 14. Bb3 {[%clk 01:31:02]} {[%emt 00:00:23]}
Qf6 {[%clk 01:30:50]} {[%emt 00:00:27]} 15. d4 {[%clk 01:30:04]} {[%emt
00:01:35]} e4 {[%clk 01:30:44]} {[%emt 00:00:31]} 16. Ne5 {[%clk 01:29:27]}
{[%emt 00:01:07]} Rb8 {[%clk 01:29:28]} {[%emt 00:01:46]} 17. Ba4 {[%clk
01:28:55]} {[%emt 00:01:02]} O-O {[%clk 01:29:18]} {[%emt 00:00:40]} 18. Nxc6
{[%clk 01:28:47]} {[%emt 00:00:39]} Rb7 {[%clk 01:29:10]} {[%emt 00:00:36]} 19.
Nxa5 {[%clk 01:28:45]} {[%emt 00:00:34]} Rb6 {[%clk 01:29:14]} {[%emt
00:00:26]} 20. b4 {[%clk 01:26:49]} {[%emt 00:02:26]} Qg6 {[%clk 01:28:21]}
{[%emt 00:01:22]} 21. Kh2 {[%clk 01:26:27]} {[%emt 00:00:53]} Qh5 {[%clk
01:26:32]} {[%emt 00:02:19]} 22. Rg1 {[%clk 01:25:31]} {[%emt 00:01:26]} Rg6
{[%clk 01:26:14]} {[%emt 00:00:47]} 23. g4 {[%clk 01:23:43]} {[%emt 00:02:19]}
Bxg4 {[%clk 01:25:52]} {[%emt 00:00:51]} 24. Rxg4 {[%clk 01:24:04]} {[%emt
00:00:10]} Rxg4 {[%clk 01:25:38]} {[%emt 00:00:45]} 25. Bd1 {[%clk 01:24:26]}
{[%emt 00:00:08]} f5 {[%clk 01:23:30]} {[%emt 00:02:37]} 26. Bxg4 {[%clk
01:22:39]} {[%emt 00:02:17]} fxg4 {[%clk 01:23:38]} {[%emt 00:00:22]} 27. Rh1
{[%clk 01:21:39]} {[%emt 00:01:31]} gxh3 {[%clk 01:23:02]} {[%emt 00:01:06]}
28. Qd1 {[%clk 01:20:11]} {[%emt 00:01:57]} Qh4 {[%clk 01:21:13]} {[%emt
00:02:20]} 29. Qe2 {[%clk 01:19:55]} {[%emt 00:00:46]} Rf3 {[%clk 01:19:22]}
{[%emt 00:02:20]} 30. Rg1 {[%clk 01:18:33]} {[%emt 00:01:52]} Qf6 {[%clk
01:16:24]} {[%emt 00:03:28]} 31. Rg3 {[%clk 01:17:22]} {[%emt 00:01:41]} Qf5
{[%clk 01:15:49]} {[%emt 00:01:05]} 32. Nc6 {[%clk 01:17:13]} {[%emt 00:00:39]}
Kf8 {[%clk 01:15:27]} {[%emt 00:00:52]} 33. Ne5 {[%clk 01:17:10]} {[%emt
00:00:33]} Rxg3 {[%clk 01:12:33]} {[%emt 00:03:25]} 34. fxg3 {[%clk 01:17:20]}
{[%emt 00:00:21]} g5 {[%clk 01:11:32]} {[%emt 00:01:30]} 1-0

[Event "DVM U12 2023"]
[Site "Magdeburg GER"]
[Date "2023.12.28"]
[Round "4"]
[White "Meitzner, Jonathan Franz"]
[Black "Ensslen, Jakob"]
[Result "0-1"]
[Termination "normal"]
[Board "8.1"]
[WhiteElo "1409"]
[BlackElo "1624"]
[WhiteClock "00:01:20"]
[BlackClock "00:00:52"]
[WhiteTeam "1. Eichsfelder SC"]
[BlackTeam "Karlsruher SF 1853"]
[PlyCount "114"]
[WhiteFideId "34616110"]
[BlackFideId "34640258"]
[EventCountry "GER"]
[EventRounds "7"]
[EventType "team-swiss"]
[EventDate "2023.12.26"]

1. e4 {[%clk 01:30:56]} {[%emt 00:00:03]} e5 {[%clk 01:30:53]} {[%emt
00:00:07]} 2. Nf3 {[%clk 01:31:13]} {[%emt 00:00:12]} Nf6 {[%clk 01:31:18]}
{[%emt 00:00:06]} 3. Nxe5 {[%clk 01:31:30]} {[%emt 00:00:12]} d6 {[%clk
01:31:45]} {[%emt 00:00:04]} 4. Nf3 {[%clk 01:31:48]} {[%emt 00:00:12]} Nxe4
{[%clk 01:32:08]} {[%emt 00:00:07]} 5. Nc3 {[%clk 01:32:06]} {[%emt 00:00:14]}
Nxc3 {[%clk 01:32:20]} {[%emt 00:00:18]} 6. dxc3 {[%clk 01:32:28]} {[%emt
00:00:08]} d5 {[%clk 01:32:28]} {[%emt 00:00:21]} 7. Be3 {[%clk 01:32:37]}
{[%emt 00:00:21]} c6 {[%clk 01:29:13]} {[%emt 00:03:45]} 8. Bd3 {[%clk
01:32:45]} {[%emt 00:00:22]} Bd6 {[%clk 01:28:44]} {[%emt 00:00:59]} 9. Qd2
{[%clk 01:31:45]} {[%emt 00:01:30]} Bg4 {[%clk 01:23:12]} {[%emt 00:06:02]} 10.
O-O-O {[%clk 01:31:13]} {[%emt 00:01:03]} Nd7 {[%clk 01:21:37]} {[%emt
00:02:05]} 11. Rde1 {[%clk 01:30:36]} {[%emt 00:01:06]} O-O {[%clk 01:20:22]}
{[%emt 00:01:45]} 12. Ng5 {[%clk 01:29:43]} {[%emt 00:01:18]} Nf6 {[%clk
01:18:47]} {[%emt 00:02:10]} 13. h3 {[%clk 01:29:23]} {[%emt 00:00:49]} Bh5
{[%clk 01:15:06]} {[%emt 00:04:12]} 14. g4 {[%clk 01:29:12]} {[%emt 00:00:42]}
Bg6 {[%clk 01:13:58]} {[%emt 00:01:38]} 15. Bxg6 {[%clk 01:28:37]} {[%emt
00:01:05]} hxg6 {[%clk 01:12:55]} {[%emt 00:01:33]} 16. Reg1 {[%clk 01:27:36]}
{[%emt 00:01:29]} Qa5 {[%clk 01:07:43]} {[%emt 00:05:45]} 17. Kb1 {[%clk
01:26:33]} {[%emt 00:01:33]} Rfe8 {[%clk 01:05:11]} {[%emt 00:03:02]} 18. f3
{[%clk 01:21:53]} {[%emt 00:05:10]} Re7 {[%clk 00:58:10]} {[%emt 00:07:32]} 19.
Re1 {[%clk 01:19:16]} {[%emt 00:03:06]} Rae8 {[%clk 00:57:22]} {[%emt
00:01:18]} 20. Rhg1 {[%clk 01:18:57]} {[%emt 00:00:49]} Bc5 {[%clk 00:48:17]}
{[%emt 00:09:36]} 21. Bxc5 {[%clk 01:16:46]} {[%emt 00:02:41]} Qxc5 {[%clk
00:44:41]} {[%emt 00:04:06]} 22. Rh1 {[%clk 01:14:20]} {[%emt 00:02:55]} Re3
{[%clk 00:37:37]} {[%emt 00:07:34]} 23. h4 {[%clk 01:06:03]} {[%emt 00:08:47]}
Qe7 {[%clk 00:36:07]} {[%emt 00:02:00]} 24. Rd1 {[%clk 01:01:44]} {[%emt
00:04:47]} Re2 {[%clk 00:33:21]} {[%emt 00:03:19]} 25. Qd3 {[%clk 00:56:55]}
{[%emt 00:05:17]} Rg2 {[%clk 00:26:50]} {[%emt 00:07:03]} 26. a3 {[%emt
00:02:02]} Qe2 {[%clk 00:25:18]} {[%emt 00:01:53]} 27. Nh3 {[%clk 00:47:34]}
{[%emt 00:08:15]} Rg3 {[%clk 00:20:05]} {[%emt 00:05:56]} 28. Ng5 {[%clk
00:37:25]} {[%emt 00:10:36]} Rg2 {[%clk 00:15:39]} {[%emt 00:04:58]} 29. a4
{[%clk 00:18:56]} {[%emt 00:18:59]} Qxd3 {[%clk 00:14:23]} {[%emt 00:01:45]}
30. Rxd3 {[%clk 00:17:55]} {[%emt 00:01:30]} Ree2 {[%clk 00:14:26]} {[%emt
00:00:28]} 31. Rc1 {[%clk 00:17:38]} {[%emt 00:00:46]} Rh2 {[%clk 00:13:11]}
{[%emt 00:01:46]} 32. c4 {[%clk 00:15:51]} {[%emt 00:02:18]} Rxh4 {[%clk
00:10:24]} {[%emt 00:03:16]} 33. cxd5 {[%clk 00:15:10]} {[%emt 00:01:11]} Nxd5
{[%clk 00:09:19]} {[%emt 00:01:35]} 34. c4 {[%clk 00:15:05]} {[%emt 00:00:35]}
Nf6 {[%clk 00:09:02]} {[%emt 00:00:47]} 35. Rd8+ {[%clk 00:15:03]} {[%emt
00:00:32]} Re8 {[%clk 00:08:27]} {[%emt 00:01:05]} 36. Rxe8+ {[%clk 00:13:57]}
{[%emt 00:01:37]} Nxe8 {[%clk 00:08:48]} {[%emt 00:00:09]} 37. Rd1 {[%clk
00:13:44]} {[%emt 00:00:42]} f6 {[%clk 00:06:03]} {[%emt 00:03:16]} 38. Ne6
{[%clk 00:12:25]} {[%emt 00:01:50]} Kf7 {[%clk 00:05:29]} {[%emt 00:01:04]} 39.
Nd8+ {[%clk 00:12:47]} {[%emt 00:00:07]} Ke7 {[%clk 00:05:20]} {[%emt
00:00:39]} 40. Nxb7 {[%clk 00:13:08]} {[%emt 00:00:09]} Rh3 {[%clk 00:00:46]}
{[%emt 00:05:04]} 41. Rd3 {[%clk 00:11:51]} {[%emt 00:01:47]} f5 {[%clk
00:26:12]} {[%emt 00:05:04]} 42. gxf5 {[%clk 00:41:08]} {[%emt 00:01:13]} gxf5
{[%clk 00:25:22]} {[%emt 00:01:20]} 43. Na5 {[%clk 00:40:43]} {[%emt 00:00:55]}
c5 {[%clk 00:22:14]} {[%emt 00:03:38]} 44. Nb7 {[%clk 00:40:31]} {[%emt
00:00:43]} g5 {[%clk 00:20:22]} {[%emt 00:02:22]} 45. Nxc5 {[%clk 00:40:21]}
{[%emt 00:00:39]} Nd6 {[%clk 00:17:43]} {[%emt 00:03:10]} 46. b3 {[%clk
00:40:11]} {[%emt 00:00:40]} g4 {[%clk 00:16:12]} {[%emt 00:02:00]} 47. fxg4
{[%clk 00:39:59]} {[%emt 00:00:41]} fxg4 {[%clk 00:13:06]} {[%emt 00:03:36]}
48. Rd4 {[%clk 00:27:32]} {[%emt 00:12:57]} g3 {[%clk 00:09:13]} {[%emt
00:04:23]} 49. Rg4 {[%clk 00:27:32]} {[%emt 00:00:28]} Kf6 {[%clk 00:07:07]}
{[%emt 00:02:37]} 50. Nd7+ {[%clk 00:14:45]} {[%emt 00:13:17]} Kf5 {[%clk
00:06:39]} {[%emt 00:00:58]} 51. Rg8 {[%clk 00:14:29]} {[%emt 00:00:47]} Kf4
{[%clk 00:03:32]} {[%emt 00:03:37]} 52. c5 {[%clk 00:13:36]} {[%emt 00:01:23]}
Nf5 {[%clk 00:03:10]} {[%emt 00:00:53]} 53. c6 {[%clk 00:05:20]} {[%emt
00:08:46]} Rh1+ {[%clk 00:01:07]} {[%emt 00:02:32]} 54. Kb2 {[%clk 00:03:31]}
{[%emt 00:02:19]} Kf3 {[%clk 00:00:35]} {[%emt 00:01:03]} 55. c7 {[%clk
00:02:03]} {[%emt 00:01:58]} Ne7 {[%clk 00:00:36]} {[%emt 00:00:29]} 56. Re8
{[%clk 00:01:17]} {[%emt 00:01:15]} g2 {[%clk 00:00:42]} {[%emt 00:00:23]} 57.
Rxe7 {[%clk 00:01:20]} {[%emt 00:00:27]} g1=Q {[%clk 00:00:52]} {[%emt
00:00:21]} 0-1

[Event "DVM U12 2023"]
[Site "Magdeburg GER"]
[Date "2023.12.28"]
[Round "4"]
[White "Müller, Maximilian"]
[Black "Meitzner, Johan Eduard"]
[Result "0-1"]
[Termination "normal"]
[Board "8.2"]
[WhiteElo "1250"]
[BlackElo "1383"]
[WhiteClock "00:15:51"]
[BlackClock "00:11:47"]
[WhiteTeam "Karlsruher SF 1853"]
[BlackTeam "1. Eichsfelder SC"]
[PlyCount "102"]
[WhiteFideId "34640282"]
[BlackFideId "34623612"]
[EventCountry "GER"]
[EventRounds "7"]
[EventType "team-swiss"]
[EventDate "2023.12.26"]

1. e4 {[%clk 01:30:59]} c5 {[%clk 01:30:57]} {[%emt 00:00:03]} 2. Nf3 {[%clk
01:31:23]} {[%emt 00:00:06]} d6 {[%clk 01:31:23]} {[%emt 00:00:04]} 3. d4
{[%clk 01:31:48]} {[%emt 00:00:05]} cxd4 {[%clk 01:31:51]} {[%emt 00:00:01]} 4.
Nxd4 {[%clk 01:32:11]} {[%emt 00:00:08]} Nf6 {[%clk 01:32:17]} {[%emt
00:00:04]} 5. Nc3 {[%clk 01:32:31]} {[%emt 00:00:11]} a6 {[%clk 01:32:37]}
{[%emt 00:00:10]} 6. Be3 {[%clk 01:32:44]} {[%emt 00:00:17]} e5 {[%clk
01:32:53]} {[%emt 00:00:14]} 7. Nf3 {[%clk 01:32:59]} {[%emt 00:00:16]} Be7
{[%clk 01:32:39]} {[%emt 00:00:43]} 8. Bc4 {[%clk 01:32:40]} {[%emt 00:00:49]}
Qc7 {[%clk 01:32:23]} {[%emt 00:00:42]} 9. Bd5 {[%clk 01:32:38]} {[%emt
00:00:37]} h6 {[%clk 01:31:28]} {[%emt 00:01:25]} 10. h3 {[%clk 01:31:55]}
{[%emt 00:01:13]} Nbd7 {[%clk 01:29:30]} {[%emt 00:02:28]} 11. Qd2 {[%clk
01:30:33]} {[%emt 00:01:52]} Nb6 {[%clk 01:29:05]} {[%emt 00:00:53]} 12. Bb3
{[%clk 01:29:39]} {[%emt 00:01:25]} Nc4 {[%clk 01:26:08]} {[%emt 00:03:21]} 13.
Qc1 {[%clk 01:26:59]} {[%emt 00:03:17]} Be6 {[%clk 01:24:23]} {[%emt 00:02:09]}
14. Bxc4 {[%clk 01:25:34]} {[%emt 00:02:03]} Qxc4 {[%clk 01:23:52]} {[%emt
00:00:58]} 15. Nd2 {[%clk 01:22:49]} {[%emt 00:03:17]} Qc6 {[%clk 01:24:00]}
{[%emt 00:00:16]} 16. O-O {[%clk 01:22:13]} {[%emt 00:01:12]} O-O {[%clk
01:24:03]} {[%emt 00:00:27]} 17. f3 {[%clk 01:21:27]} {[%emt 00:01:17]} Rac8
{[%clk 01:19:32]} {[%emt 00:05:00]} 18. Qe1 {[%clk 01:17:35]} {[%emt 00:04:22]}
d5 {[%clk 01:19:11]} {[%emt 00:00:51]} 19. exd5 {[%clk 01:08:02]} {[%emt
00:10:02]} Nxd5 {[%clk 01:19:29]} {[%emt 00:00:13]} 20. Nxd5 {[%clk 01:07:33]}
{[%emt 00:01:00]} Bxd5 {[%clk 01:19:48]} {[%emt 00:00:10]} 21. c3 {[%clk
01:07:50]} {[%emt 00:00:13]} f5 {[%clk 01:18:28]} {[%emt 00:01:50]} 22. Qe2
{[%clk 01:02:50]} {[%emt 00:05:27]} f4 {[%clk 01:16:05]} {[%emt 00:02:59]} 23.
Bf2 {[%clk 01:02:18]} {[%emt 00:00:57]} Bd6 {[%clk 01:15:52]} {[%emt 00:00:43]}
24. a3 {[%clk 00:59:52]} {[%emt 00:02:56]} Rfe8 {[%clk 01:15:30]} {[%emt
00:00:50]} 25. Rae1 {[%clk 00:57:53]} {[%emt 00:02:31]} Re6 {[%clk 01:14:38]}
{[%emt 00:01:22]} 26. Qd3 {[%clk 00:51:28]} {[%emt 00:06:55]} Bc5 {[%clk
01:08:59]} {[%emt 00:05:56]} 27. Ne4 {[%clk 00:46:59]} {[%emt 00:05:11]} Bxf2+
{[%clk 01:09:05]} {[%emt 00:00:25]} 28. Rxf2 {[%clk 00:47:16]} {[%emt
00:00:14]} Rd8 {[%clk 01:02:45]} {[%emt 00:06:46]} 29. Rd2 {[%clk 00:39:24]}
{[%emt 00:08:24]} Qb6+ {[%clk 01:01:33]} {[%emt 00:01:35]} 30. Kh2 {[%clk
00:39:20]} {[%emt 00:00:42]} Ree8 {[%clk 01:00:30]} {[%emt 00:01:30]} 31. Ree2
{[%clk 00:36:46]} {[%emt 00:03:07]} Be6 {[%clk 00:37:00]} {[%emt 00:24:00]} 32.
Qb1 {[%clk 00:32:37]} {[%emt 00:04:39]} Bf5 {[%clk 00:33:36]} {[%emt 00:03:52]}
33. Qd1 {[%clk 00:28:20]} {[%emt 00:04:49]} Rxd2 {[%clk 00:14:21]} {[%emt
00:19:46]} 34. Qxd2 {[%clk 00:27:08]} {[%emt 00:01:42]} Rd8 {[%clk 00:12:55]}
{[%emt 00:01:54]} 35. Qc1 {[%clk 00:26:52]} {[%emt 00:00:48]} Bxe4 {[%clk
00:11:46]} {[%emt 00:01:40]} 36. fxe4 {[%clk 00:24:53]} {[%emt 00:02:28]} Rd3
{[%clk 00:06:39]} {[%emt 00:05:32]} 37. Qe1 {[%clk 00:19:40]} {[%emt 00:05:48]}
Qd6 {[%clk 00:02:05]} {[%emt 00:05:00]} 38. Qf2 {[%clk 00:17:55]} {[%emt
00:02:19]} Rd1 {[%clk 00:01:15]} {[%emt 00:01:16]} 39. Rc2 {[%clk 00:14:00]}
{[%emt 00:04:29]} Qd3 {[%clk 00:00:40]} {[%emt 00:01:00]} 40. Re2 {[%clk
00:13:40]} {[%emt 00:00:54]} Kh7 {[%clk 00:00:37]} {[%emt 00:00:34]} 41. Qf3
{[%clk 00:11:55]} {[%emt 00:02:15]} Qb1 {[%clk 00:00:33]} {[%emt 00:00:34]} 42.
g4 {[%clk 00:09:56]} {[%emt 00:02:29]} fxg3+ {[%clk 00:29:22]} {[%emt
00:01:41]} 43. Kxg3 {[%clk 00:40:12]} {[%emt 00:00:14]} Rg1+ {[%clk 00:29:04]}
{[%emt 00:00:46]} 44. Kh4 {[%clk 00:38:04]} {[%emt 00:02:40]} Rf1 {[%clk
00:27:02]} {[%emt 00:02:26]} 45. Qe3 {[%clk 00:33:03]} {[%emt 00:05:36]} Rg1
{[%clk 00:19:03]} {[%emt 00:08:24]} 46. Qf3 {[%clk 00:30:38]} {[%emt 00:03:01]}
g5+ {[%clk 00:19:01]} {[%emt 00:00:30]} 47. Kh5 {[%clk 00:30:24]} {[%emt
00:00:46]} Rf1 {[%clk 00:18:28]} {[%emt 00:00:59]} 48. Qg4 {[%clk 00:29:38]}
{[%emt 00:01:20]} Qd1 {[%clk 00:15:41]} {[%emt 00:03:12]} 49. Rg2 {[%clk
00:18:08]} {[%emt 00:12:06]} Rf4 {[%clk 00:11:23]} {[%emt 00:04:48]} 50. b4
{[%clk 00:15:32]} {[%emt 00:03:06]} Rxg4 {[%clk 00:11:41]} {[%emt 00:00:12]}
51. Rxg4 {[%clk 00:15:51]} {[%emt 00:00:11]} Qf3 {[%clk 00:11:47]} {[%emt
00:00:23]} 0-1